000 00469nam a2200157 a 4500
001 000017653
005 20200929165201.0
008 100329s1945 dr 000 0 spa d
040 _aDO-SdBNP
_bspa
_cBNPHU
082 _axxxx
_bR696f
100 1 _aRodríguez Cáceres, Amira
_924258
245 1 0 _aMi fuente cantarina /
_cAmira Rodríguez Cáceres.
260 _aCiudad Trujillo, República Dominicana :
_bMontalvo,
_c1945.
300 _a140 p. ;
_c22 cm.
049 _aBNPD
999 _c17178
_d17178